Countries with the most Jews - Statistics

General Stats
  • This quiz has been taken 134 times
  • The average score is 6 of 10
Answer Stats
Hint Answer % Correct
811.76 Israel
99%
21.03 United States
99%
11.9 Canada
87%
9.97 France
83%
7.98 Ukraine
58%
6.92 Argentina
55%
7.79 Hungary
39%
9.87 Uruguay
23%
8.21 Moldova
20%
31.73 Monaco
18%
No matching quizzes found
Score Distribution
Percent of People with Each Score
Percentile by Number Answered
Your Score History
You have not taken this quiz